UBT Library

Kaiser Permanente Healthwise handbook : (Record no. 39488)

000 -LEADER
fixed length control field 00886cam a2200265 a 4500
001 - CONTROL NUMBER
control field 712965
005 - DATE AND TIME OF LATEST TRANSACTION
control field 20171227074007.0
008 - FIXED-LENGTH DATA ELEMENTS--GENERAL INFORMATION
fixed length control field 961219s1994 idua b 001 0 eng d
010 ## - LIBRARY OF CONGRESS CONTROL NUMBER
LC control number 97104358
020 ## - INTERNATIONAL STANDARD BOOK NUMBER
International Standard Book Number 1877930067
035 ## - SYSTEM CONTROL NUMBER
System control number (OCoLC)36116514
040 ## - CATALOGING SOURCE
Original cataloging agency CPlhC
Transcribing agency CPlhC
Modifying agency DLC
041 ## - LANGUAGE CODE
Language code of text/sound track or separate title eng
042 ## - AUTHENTICATION CODE
Authentication code lccopycat
080 ## - UNIVERSAL DECIMAL CLASSIFICATION NUMBER
Universal Decimal Classification number 616.024 PER
082 00 - DEWEY DECIMAL CLASSIFICATION NUMBER
Classification number 616.024 PER
Edition number 21
100 1# - Rafti
Rafti 3
101 ## - Shkurtesa
Shkurtesa SHM
245 10 - TITLE STATEMENT
Title Kaiser Permanente Healthwise handbook :
Statement of responsibility, etc Donald W. Kemper, the Healthwise staff, the physicians and staff of Kaiser Permanente.
246 30 - VARYING FORM OF TITLE
Title proper/short title Healthwise handbook
504 ## - BIBLIOGRAPHY, ETC. NOTE
Bibliography, etc Includes bibliographical references (p. 307-311) and index.
906 ## - LOCAL DATA ELEMENT F, LDF (RLIN)
a 7
b cbc
c copycat
d 2
e ncip
f 19
g y-gencatlg
942 ## - ADDED ENTRY ELEMENTS (KOHA)
Source of classification or shelving scheme
Item type Books
Holdings
Withdrawn status Lost status Source of classification or shelving scheme Damaged status Not for loan Collection code Permanent location Current location Shelving location Date acquired Total Checkouts Full call number Barcode Date last seen Price effective from Koha item type
          Koleksioni i përgjithshem UBT - Lipjan UBT - Lipjan Koleksioni i përgjithshem 12/27/2017   616.024 PER 002-2994043 12/27/2017 12/27/2017 Books
UBT Library © 2015-2024. All rights reserved University Education for Business and Technology